• 首页
  • 本馆介绍
  • 公告通知
  • 最新文献
  • 馆藏检索
  • 电子资源
  • 读者导购
  • 参考咨询
  • 我的图书馆
  • 登录
  • 详细信息显示
  • 放入我的书架
  • 预约/预借图书
  • 作者相关作品
  • 分类相关作品
  • 丛书相关作品
  • 出版社相关作品

书目信息

  • 表格格式
  • 工作单格式
  • 卡片格式
题名:
景观生态学
    
 
作者: 肖笃宁 编著
分册:  
出版信息: 北京   科学出版社  2003
页数: 224页
开本: 26cm
丛书名: 中国科学院研究生教学丛书
单 册:
中图分类: P901 , X144
科图分类:
主题词: 景观学--生态学--研究生--教材 , 环境地学
电子资源:
ISBN: 7-03-010628-8
000 00927oam2 2200277 450
001 1550330524
005 20150118135935.18
010    @a7-03-010628-8@dCNY26.00
100    @a20111227e20062003em y0chiy50 ea
101 0  @achi
102    @aCN@b110000
105    @aa z 000yy
200 1  @a景观生态学@9jing guan sheng tai xue@f肖笃宁[等]编著
210    @a北京@c科学出版社@d2003@h2006重印
215    @a224页@c图@d26cm
225 2  @a中国科学院研究生教学丛书
304    @a编著者还有:李秀珍、高峻、常禹、李团胜
330    @a本书深入系统地介绍了景观生态学的理论体系和实际应用,结合国内外最新的研究动态和成果,在继承传统生态学基本思想的基础上融合了地学的相关概念。
461  0 @12001 @a中国科学院研究生教学丛书
606 0  @a景观学@x生态学@x研究生@j教材
606 0  @a环境地学
690    @aP901 @v5
690    @aX144@v4
701  0 @a肖笃宁@9xiao du ning@4编著
801  0 @aCN@bTSSF@c20150118
905    @aZUCC@dX144@eJY1
    
    景观生态学/肖笃宁[等]编著.-北京:科学出版社,2003(2006重印)
    224页:图;26cm.-(中国科学院研究生教学丛书)
    
    
    ISBN 7-03-010628-8:CNY26.00
    本书深入系统地介绍了景观生态学的理论体系和实际应用,结合国内外最新的研究动态和成果,在继承传统生态学基本思想的基础上融合了地学的相关概念。
●
相关链接 在E读中查询图书 在五车中查询图书 在当当中查询图书 在豆瓣中查询图书


正题名:景观生态学     索取号:X144/JY1         预约/预借

序号 登录号 条形码 馆藏地/架位号 状态 备注
1 7848954   278489547   学院路分馆/ [索取号:X144/JY1] 在馆    
2 7848955   278489556   学院路分馆/ [索取号:X144/JY1] 在馆    
唐山师范学院图书馆 欢迎您!
大连网信软件有限公司© 版权所有